| 000 | 00604nam a22002057a 4500 | ||
|---|---|---|---|
| 999 |
_c3735 _d3735 |
||
| 003 | AR-CdUCM | ||
| 008 | 190307b ||||| |||| 00| 0 spa d | ||
| 040 |
_aMUNICIPALIDAD PROVINCIAL DEL CUSCO _cBIBLIOTECA MUNICIPAL DEL CUSCO |
||
| 082 |
_22ed. _a848.8 / _bD97 |
||
| 100 |
_aDumas, Alejandro _92589 |
||
| 245 | _aLa dama de las camelias / | ||
| 260 |
_aLima : _bLitografia "la confianza", _c1988. |
||
| 300 |
_a243 paginas ; _c19 cm. |
||
| 505 | _aNovela | ||
| 650 |
_aLiteratura francesa _9913 |
||
| 650 |
_aNovela francesa _92590 |
||
| 650 |
_aSiglo XIX. _9971 |
||
| 942 |
_2ddc _cLIBROS |
||
| 945 | _aacv | ||